<?xml version="1.0" encoding="UTF-8"?><?xml-stylesheet type="text/xsl" href="static/style.xsl"?><OAI-PMH xmlns="http://www.openarchives.org/OAI/2.0/" xmlns:xsi="http://www.w3.org/2001/XMLSchema-instance" xsi:schemaLocation="http://www.openarchives.org/OAI/2.0/ http://www.openarchives.org/OAI/2.0/OAI-PMH.xsd"><responseDate>2026-04-30T00:42:54Z</responseDate><request verb="GetRecord" identifier="oai:uvadoc.uva.es:10324/2868" metadataPrefix="marc">https://uvadoc.uva.es/oai/request</request><GetRecord><record><header><identifier>oai:uvadoc.uva.es:10324/2868</identifier><datestamp>2023-05-30T11:05:30Z</datestamp><setSpec>com_10324_1138</setSpec><setSpec>com_10324_931</setSpec><setSpec>com_10324_894</setSpec><setSpec>col_10324_1226</setSpec></header><metadata><record xmlns="http://www.loc.gov/MARC21/slim" xmlns:doc="http://www.lyncode.com/xoai" xmlns:xsi="http://www.w3.org/2001/XMLSchema-instance" xmlns:dcterms="http://purl.org/dc/terms/" xsi:schemaLocation="http://www.loc.gov/MARC21/slim http://www.loc.gov/standards/marcxml/schema/MARC21slim.xsd">
<leader>00925njm 22002777a 4500</leader>
<datafield tag="042" ind1=" " ind2=" ">
<subfield code="a">dc</subfield>
</datafield>
<datafield tag="720" ind1=" " ind2=" ">
<subfield code="a">Belch, Jill J.F.</subfield>
<subfield code="e">author</subfield>
</datafield>
<datafield tag="720" ind1=" " ind2=" ">
<subfield code="a">Hiat, William R.</subfield>
<subfield code="e">author</subfield>
</datafield>
<datafield tag="720" ind1=" " ind2=" ">
<subfield code="a">Baumgartner, Iris</subfield>
<subfield code="e">author</subfield>
</datafield>
<datafield tag="720" ind1=" " ind2=" ">
<subfield code="a">Vickie Driver, I.</subfield>
<subfield code="e">author</subfield>
</datafield>
<datafield tag="720" ind1=" " ind2=" ">
<subfield code="a">Nikol, Sigrid</subfield>
<subfield code="e">author</subfield>
</datafield>
<datafield tag="720" ind1=" " ind2=" ">
<subfield code="a">Largen, Lars</subfield>
<subfield code="e">author</subfield>
</datafield>
<datafield tag="720" ind1=" " ind2=" ">
<subfield code="a">Vaquero Puerta, Carlos</subfield>
<subfield code="e">author</subfield>
</datafield>
<datafield tag="260" ind1=" " ind2=" ">
<subfield code="c">2011</subfield>
</datafield>
<datafield tag="520" ind1=" " ind2=" ">
<subfield code="a">Background Patients with critical limb ischaemia have a high rate of amputation and mortality. We tested the&#xd;
hypothesis that non-viral 1 fi broblast growth factor (NV1FGF) would improve amputation-free survival.&#xd;
Methods In this phase 3 trial (EFC6145/TAMARIS), 525 patients with critical limb ischaemia unsuitable for&#xd;
revascularisation were enrolled from 171 sites in 30 countries. All had ischaemic ulcer in legs or minor skin gangrene&#xd;
and met haemodynamic criteria (ankle pressure &lt;70 mm Hg or a toe pressure &lt;50 mm Hg, or both, or a&#xd;
transcutaneous oxygen pressure &lt;30 mm Hg on the treated leg). Patients were randomly assigned to either NV1FGF&#xd;
at 0·2 mg/mL or matching placebo (visually identical) in a 1:1 ratio. Randomisation was done with a central interactive&#xd;
voice response system by block size 4 and was stratifi ed by diabetes status and country. Investigators, patients, and&#xd;
study teams were masked to treatment. Patients received eight intramuscular injections of their assigned treatment&#xd;
in the index leg on days 1, 15, 29, and 43. The primary endpoint was time to major amputation or death at 1 year&#xd;
analysed by intention to treat with a log-rank test using a multivariate Cox proportional hazard model. This trial is&#xd;
registered with ClinicalTrials.gov, number NCT00566657.&#xd;
Findings 259 patients were assigned to NV1FGF and 266 to placebo. All 525 patients were analysed. The mean age&#xd;
was 70 years (range 50–92), 365 (70%) were men, 280 (53%) had diabetes, and 248 (47%) had a history of coronary&#xd;
artery disease. The primary endpoint or components of the primary did not diff er between treatment groups, with&#xd;
major amputation or death in 86 patients (33%) in the placebo group, and 96 (36%) in the active group (hazard&#xd;
ratio 1·11, 95% CI 0·83–1·49; p=0·48). No signifi cant safety issues were recorded.&#xd;
Interpretation TAMARIS provided no evidence that NV1FGF is eff ective in reduction of amputation or death in patients&#xd;
with critical limb ischaemia. Thus, this group of patients remains a major therapeutic challenge for the clinician.</subfield>
</datafield>
<datafield tag="024" ind2=" " ind1="8">
<subfield code="a">Lancet, June, vol.377, june 4 p.1929-37</subfield>
</datafield>
<datafield tag="024" ind2=" " ind1="8">
<subfield code="a">http://uvadoc.uva.es/handle/10324/2868</subfield>
</datafield>
<datafield tag="024" ind2=" " ind1="8">
<subfield code="a">10.1016/S0140-6736(11)60394-2</subfield>
</datafield>
<datafield tag="024" ind2=" " ind1="8">
<subfield code="a">1929</subfield>
</datafield>
<datafield tag="024" ind2=" " ind1="8">
<subfield code="a">4</subfield>
</datafield>
<datafield tag="024" ind2=" " ind1="8">
<subfield code="a">1937</subfield>
</datafield>
<datafield tag="024" ind2=" " ind1="8">
<subfield code="a">Lancet</subfield>
</datafield>
<datafield tag="024" ind2=" " ind1="8">
<subfield code="a">377</subfield>
</datafield>
<datafield ind1=" " ind2=" " tag="653">
<subfield code="a">Isquemia articular-tratamiento</subfield>
</datafield>
<datafield tag="245" ind1="0" ind2="0">
<subfield code="a">Effect of fibroblast growth factor NV1FGF on amputation and death: a randomised placebo-controlled trial of gene therapy in critical limbischaemia</subfield>
</datafield>
</record></metadata></record></GetRecord></OAI-PMH>